1 joueur 1 nationalité : Liverpool Edition - Statistiques

Statistiques générales
  • Ce quiz a été pris 138 fois
    133 depuis la dernière actualisation
  • Le résultat moyen est 29 sur 45
Statistiques - réponses
Joueur Nationalité % Correct
Mohamed Salah Egypte
100%
Philippe Coutinho Brésil
98%
Steven Gerrard Angleterre
96%
Virgil van Dijk Pays-Bas
92%
Diogo Jota Portugal
92%
Luis Díaz Colombie
89%
Wataru Endō Japon
89%
Andrew Robertson Ecosse
88%
Kóstas Tsimíkas Grèce
88%
Federico Chiesa Italie
88%
Sadio Mané Sénégal
88%
Fernando Torres Espagne
87%
Ibrahima Konaté France
86%
Luis Suárez Uruguay
86%
Xherdan Shaqiri Suisse
85%
Alexis Mac Allister Argentine
84%
Emre Can Allemagne
81%
Dominik Szoboszlai Hongrie
80%
Divock Origi Belgique
78%
Dejan Lovren Croatie
77%
Victor Moses Nigéria
76%
Joël Matip Cameroun
75%
Marko Grujić Serbie
73%
Nabil El Zhar Maroc
68%
Kolo Touré Côte d'Ivoire
67%
Caoimhín Kelleher Irlande
67%
Nuri Şahin Turquie
67%
Martin Škrtel Slovaquie
65%
Ian Rush Pays de Galles
63%
Conor Bradley Irlande du Nord
61%
Andriy Voronin Ukraine
58%
Jerzy Dudek Pologne
52%
Djimi Traoré Mali
50%
Harry Kewell Australie
47%
John Arne Riise Norvège
44%
Sami Hyypiä Finlande
41%
Daniel Agger Danemark
38%
Yossi Benayoun Israël
34%
Vladimír Šmicer République Tchèque
32%
Ragnar Klavan Estonie
26%
Mark González Chili
23%
Titi Camara Guinée
18%
Glenn Hysén Suède
18%
Bruce Grobbelaar Zimbabwe
13%
Doug Rudham Afrique du Sud
8%
Aucun quiz correspondant
Distribution des résultats
% des personnes avec chaque résultat
Percentile par nombre de réponses
Votre historique - résultats
Vous n’avez pas pris ce quiz depuis la dernière actualisation